| 000 | 00902 a2200253 4500 | ||
|---|---|---|---|
| 005 | 20081013150556.0 | ||
| 008 | 081013t xxu||||| |||| 00| 0 eng d | ||
| 010 | _aENG-91891 | ||
| 020 |
_c650.00 _a9788071772049 |
||
| 035 | _aEN-75424 | ||
| 037 | _bDBAD / PUB | ||
| 040 |
_adpl _bEnglish |
||
| 082 | _a346.54064 | ||
| 100 | _aKader, S.A. | ||
| 245 |
_aThe Law of Wakfs: _cby S.A. Kader _ban analytical and critical study / |
||
| 250 | _a2nd ed | ||
| 260 |
_aKolkata _bEastern Law House _c2008 |
||
| 270 |
_a54 Ganesh Chunder Avenue _bKolkata _e700013 |
||
| 300 |
_a44, 577p. _c24 cm (Hb.) |
||
| 500 | _aIncludes index | ||
| 650 |
_aWaqf _zIndia |
||
| 942 |
_adpl _cEN _2ddc _mKAD _h346.54064 |
||
| 999 |
_c19241 _d19241 |
||